000 00847nam a22002777a 4500
003 CHAP
005 20220329135102.0
008 971013s1962 r 00010 d
010 _a30697
011 _a31669
035 _a35781
040 _cCHAP
082 _a029.602
_bN38
110 _aNational Education Association. Washington
_980341
245 _aNEA style manual for writers and editors
260 _aWashington :
_bNEA,
_c1962
300 _a76 p.
590 _aBATCH-UPD
_b10
_c20130109
_lUCH01
_h2327
590 _aBATCH-UPD
_b10
_c20130409
_lUCH01
_h1851
590 _aBATCH-UPD
_b10
_c20130914
_lUCH01
_h2047
590 _aCONVERSION
_b10
_c20130109
_lUCH01
_h1317
650 1 4 _aTipografía práctica
_xEstilo literario.
_9113392
901 _aBK
942 _cLIBRO
949 _a029.602 N38
_bBC
_cLIBRO
_d33724000303962
_eLIBRO
_i35781
_si
999 _c30697
_d30697